Les personnages de Spider-Man : No Way Home - #27 - Statistiques

Statistiques générales
  • Ce quiz a été pris 42 fois
  • Le résultat moyen est 10 sur 20
Statistiques - réponses
Réponse % Correct
Peter Parker 1 / Spider-Man
91%
Peter Parker 2 / Spider-Man
91%
Peter Parker 3 / Spider-Man
91%
Norman Osborn / Bouffon Vert
74%
Stephen Strange / Docteur Strange
74%
Docteur Kurt Connors / le Lézard
68%
Docteur Otto Octavius / Docteur Octopus
68%
Max Dillon / Electro
68%
Tante May
65%
Flint Marko / L'Homme-sable
56%
Michelle Jones
47%
Happy Hogan
41%
Ned Leeds
35%
Eddie Brock / Venom
29%
Wong
29%
Flash Thompson
26%
Quentin Beck / Mysterio
15%
Betty Brant
12%
Matt Murdock / Daredevil
12%
John Jonah Jameson
6%
Aucun quiz correspondant
Distribution des résultats
% des personnes avec chaque résultat
Percentile par nombre de réponses
Votre historique - résultats
Vous n’avez pas pris ce quiz